000 01581nam0a22002891 4500
001 rc\4498802
005 20130416173417.2
021 _aRU
_b[67-52711]
035 _a(NLR Aleph) 008612213
090 _a8770967
_c8770967
100 _a20130416d1967 |||y0rusy50 ca
101 0 _arus
102 _aRU
105 _ay z |||||
200 1 _aМатериалы Конференции по применению пиримидиновых и пуриновых производных в гастроэнтерологии
_eVIII конференция терапевтов. (1-4 июня 1967 г.)
_fПод общ. ред. проф. З.С. Баркагана
_gАлт. краев. отд. здравоохранения. Алт. гос. мед. ин-т. Алт. науч. о-во терапевтов
210 _aБарнаул
_cБ. и.
_d1967
215 _a158 с.
_d20
606 _aЖелудочно-кишечные болезни
_xЛечение лекарственное
_jСборники
_2psbo
606 _aПиримидин, производные
_xЛечебное применение
_jСборники
_2psbo
606 _aПурин, производные
_xЛечебное применение
_2psbo
702 1 _aБаркаган
_bЗ. С.
_4340
710 1 2 _aКонференция по применению пиримидиновых и пуриновых производных в гастроэнтерологии (1967; Барнаул)
801 0 _aRU
_bNLR
_gpsbo
801 1 _aRU
_bELAR
_2rusmarc
852 _aNLR
_j67-3/3779
942 _cBOOK
980 _aNB